<?xml version="1.0" encoding="UTF-8"?>
<record
    xmlns:xsi="http://www.w3.org/2001/XMLSchema-instance"
    xsi:schemaLocation="http://www.loc.gov/MARC21/slim http://www.loc.gov/standards/marcxml/schema/MARC21slim.xsd"
    xmlns="http://www.loc.gov/MARC21/slim">

  <leader>01145nam a22002297a 4500</leader>
  <controlfield tag="005">20210526121323.0</controlfield>
  <controlfield tag="008">210526b           sp ||||| |||| 00| 0 spa d</controlfield>
  <datafield tag="020" ind1=" " ind2=" ">
    <subfield code="a">8495379104</subfield>
  </datafield>
  <datafield tag="050" ind1="0" ind2="4">
    <subfield code="a">HG186 .S6</subfield>
    <subfield code="b">D56 2000</subfield>
  </datafield>
  <datafield tag="111" ind1="2" ind2=" ">
    <subfield code="a">Simposio Internacional "Dinero, Moneda y Cr&#xE9;dito : de la Monarqu&#xED;a Hisp&#xE1;nica a la Integraci&#xF3;n Monetaria Europea"      </subfield>
    <subfield code="c">Madrid, Espa&#xF1;a) </subfield>
    <subfield code="d">(1999 :</subfield>
  </datafield>
  <datafield tag="245" ind1="1" ind2="0">
    <subfield code="a">Dinero, moneda y cr&#xE9;dito en la monarqu&#xED;a hisp&#xE1;nica :       </subfield>
    <subfield code="b">Actas del Simposio Internacional "Dinero, Moneda y Cr&#xE9;dito : de la Monarqu&#xED;a Hisp&#xE1;nica a la Integraci&#xF3;n Monetaria Europea", Madrid, 4-7 de mayo de 1999</subfield>
    <subfield code="c">/ Antonio M. Bernal (ed.). </subfield>
  </datafield>
  <datafield tag="250" ind1=" " ind2=" ">
    <subfield code="a">1a ed. </subfield>
  </datafield>
  <datafield tag="260" ind1=" " ind2=" ">
    <subfield code="a">Madrid : </subfield>
    <subfield code="b">Marcial Pons :</subfield>
    <subfield code="b">Fundaci&#xF3;n ICO,</subfield>
    <subfield code="c">2000.</subfield>
  </datafield>
  <datafield tag="300" ind1=" " ind2=" ">
    <subfield code="a">xv, 898 p. :</subfield>
    <subfield code="b">il. ;</subfield>
    <subfield code="c">25 cm.</subfield>
  </datafield>
  <datafield tag="440" ind1=" " ind2="0">
    <subfield code="a">Historia. Coedici&#xF3;n </subfield>
  </datafield>
  <datafield tag="504" ind1=" " ind2=" ">
    <subfield code="a">Incluye bibliograf&#xED;a </subfield>
  </datafield>
  <datafield tag="546" ind1=" " ind2=" ">
    <subfield code="a">Textos en espa&#xF1;ol e &#xED;ngl&#xE9;s.</subfield>
  </datafield>
  <datafield tag="650" ind1=" " ind2="7">
    <subfield code="2">lemb </subfield>
    <subfield code="a">Finanzas </subfield>
    <subfield code="v">Congresos</subfield>
    <subfield code="x">Historia</subfield>
    <subfield code="z">Espa&#xF1;a </subfield>
  </datafield>
  <datafield tag="650" ind1=" " ind2="7">
    <subfield code="2">lemb </subfield>
    <subfield code="a">Pol&#xED;tica monetaria </subfield>
    <subfield code="v">Congresos</subfield>
    <subfield code="x">Historia </subfield>
    <subfield code="z">Espa&#xF1;a </subfield>
  </datafield>
  <datafield tag="651" ind1=" " ind2="7">
    <subfield code="2">lemb </subfield>
    <subfield code="a">Espa&#xF1;a</subfield>
    <subfield code="v">Congresos </subfield>
    <subfield code="x">Colonias</subfield>
    <subfield code="x">Pol&#xED;tica econ&#xF3;mica</subfield>
    <subfield code="z">Am&#xE9;rica</subfield>
  </datafield>
  <datafield tag="942" ind1=" " ind2=" ">
    <subfield code="2">lcc</subfield>
    <subfield code="c">LIB</subfield>
  </datafield>
  <datafield tag="999" ind1=" " ind2=" ">
    <subfield code="c">155872</subfield>
    <subfield code="d">155870</subfield>
  </datafield>
  <datafield tag="952" ind1=" " ind2=" ">
    <subfield code="1">0</subfield>
    <subfield code="2">lcc</subfield>
    <subfield code="4">0</subfield>
    <subfield code="7">0</subfield>
    <subfield code="a">INV-033</subfield>
    <subfield code="b">INV-033</subfield>
    <subfield code="c">GENERAL</subfield>
    <subfield code="d">2021-05-26</subfield>
    <subfield code="f">1a ed. </subfield>
    <subfield code="k">EH</subfield>
    <subfield code="l">0</subfield>
    <subfield code="o">HG186 .S6 D56 2000</subfield>
    <subfield code="p">IIH000029182</subfield>
    <subfield code="r">2021-05-26 00:00:00</subfield>
    <subfield code="t">C:1</subfield>
    <subfield code="y">LIB</subfield>
  </datafield>
</record>
